Die 20 größten Inseln im Mittelmeer - Statistiken

Allgemein
  • Dieses Quiz wurde 154 mal gespielt
  • Das Durchschnittsergebnis liegt bei 9 aus 20
Antwortstatistiken
Fläche km² Insel % Korrekt
25.426 Sizilien
95%
8.680 Korsika
90%
24.090 Sardinien
90%
9.251 Zypern
90%
8.261 Kreta
85%
3.640 Mallorca
80%
694 Menorca
68%
1.401 Rhodos
64%
572 Ibiza
63%
1.636 Lesbos
46%
585 Korfu
38%
3.661 Euböa
23%
478 Samos
22%
428 Naxos
20%
407 Zakynthos
18%
734 Kefalonia
13%
842 Chios
10%
514 Djerba
10%
476 Limnos
9%
405,78 Cres
5%
Keine übereinstimmenden Quizze gefunden
Verteilung der Resultate
Anzahl Personen mit jedem Resultat
Perzentil nach korrekt beantworteten Fragen
Ihre Resultats-Entwicklung
Sie haben dieses Quiz noch nicht gespielt